Diseño del sistema de agua potable de la comunidad la Calamidad del municipio de Camoapa, departamento de Boaco

Este estudio contiene el diseño de los elementos que componen el sistema de abastecimiento de agua potable el cual está integrado por: fuente de abastecimiento (pozo perforado), estación de bombeo, línea de conducción, tanque de almacenamiento y red de distribución; además de los costos de in...

Full description

Bibliographic Details
Main Authors: Frank Dublon, Maureen Daniela, Aguirre Rodríguez, Alan Omar
Other Authors: Tutor: Molina Lagos Yader
Format: Tesis Section = Libro
Language:Undetermined
Spanish
Published: Managua UNI 2021
Subjects:
LEADER 01246nam a2200289Ia 4500
008 240830s9999 xx 000 0 und d
040 |a BIBLIOTECA-RUPAP Mon 628.72 F828 
041 |a spa 
082 |a Mon 628.72 F828 
100 1 |a Frank Dublon, Maureen Daniela 
100 1 |b Aguirre Rodríguez, Alan Omar 
245 1 0 |a Diseño del sistema de agua potable de la comunidad la Calamidad del municipio de Camoapa, departamento de Boaco 
260 |a Managua  |b UNI  |c 2021 
300 |a 86 p. :il. 
500 |a Contiene: anexos y CD. 
502 |a Tesis (Ingeniero Agrícola)- UNI, 2021. 
520 3 |a Este estudio contiene el diseño de los elementos que componen el sistema de abastecimiento de agua potable el cual está integrado por: fuente de abastecimiento (pozo perforado), estación de bombeo, línea de conducción, tanque de almacenamiento y red de distribución; además de los costos de inversión y la memoria de cálculo. 
650 7 |a AGUA POTABLE 
650 7 |b  ACUEDUCTOS-DISEÑO Y CONSTRUCCION 
650 7 |c  AGUA-ABASTECIMIENTO 
650 7 |d  CALIDAD DEL AGUA 
650 7 |e  SANEAMIENTO 
650 7 |f  CONSUMO DE AGUA 
700 1 |a Tutor:  |b Molina Lagos Yader 
942 |c BK  |2 ddc 
991 |a TESIS 
999 |c 18856